LEADER 01003nam--2200361---450- 001 990001689120203316 005 20050915121041.0 035 $a000168912 035 $aUSA01000168912 035 $a(ALEPH)000168912USA01 035 $a000168912 100 $a20040521d1953----km-y0itay0103----ba 101 $afre 102 $aFR 105 $a||||||||001yy 200 1 $aJocelyn$fAlphonse de Lamartine$gnotes par Claude Jorry 210 $aParis$cLarousse$d1953 215 $a84 p.$d17 cm 410 0$12001 454 1$12001 461 1$1001-------$12001 700 1$aLAMARTINE,$bAlphonse : de$0176062 702 1$aJORRY,$bClaude 801 0$aIT$bsalbc$gISBD 912 $a990001689120203316 951 $aVI.4. Coll.18/ 75/1(II F DI 324/163 I)$b1437 L.M.$cII F 959 $aBK 969 $aUMA 979 $aSIAV2$b10$c20040521$lUSA01$h1621 979 $aSIAV2$b10$c20040521$lUSA01$h1622 979 $aCOPAT5$b90$c20050915$lUSA01$h1210 996 $aJocelyn$9290181 997 $aUNISA LEADER 02201nam 2200517 450 001 9910702453303321 005 20151124151616.0 035 $a(CKB)5470000002427635 035 $a(OCoLC)930297904 035 $a(EXLCZ)995470000002427635 100 $a20151124j201209 ua 0 101 0 $aeng 135 $aurcn||||||||| 181 $ctxt$2rdacontent 182 $cc$2rdamedia 183 $acr$2rdacarrier 200 10$aCFD simulations for the effect of unsteady wakes on the boundary layer of a highly loaded low-pressure turbine airfoil (L1A), final report /$fSamuel J. Vinci 210 1$aCleveland, Ohio :$cNational Aeronautics and Space Administration, Glenn Research Center,$dSeptember 2012. 215 $a1 online resource (xiv, 113 pages) $ccolor illustrations 225 1 $aNASA/CR ;$v2012-217417 300 $aTitle from title screen (viewed Nov. 24, 2015). 300 $a"September 2012." 300 $a"Performing organization: Cleveland State University"--Report documentation page. 300 $a"Prepared under NASA interagency agreement no. NNC07IA10I (through U.S. Navy Agreement No. N00189-07-P-A253)." 320 $aIncludes bibliographical references (pages 110-113). 517 $aCFD simulations for the effect of unsteady wakes on the boundary layer of a highly loaded low-pressure turbine airfoil 606 $aComputational fluid dynamics$2nasat 606 $aPressure ratio$2nasat 606 $aBoundary layers$2nasat 606 $aFinite volume method$2nasat 606 $aLow speed wind tunnels$2nasat 615 7$aComputational fluid dynamics. 615 7$aPressure ratio. 615 7$aBoundary layers. 615 7$aFinite volume method. 615 7$aLow speed wind tunnels. 700 $aVinci$b Samuel J.$01423048 712 02$aCleveland State University. 712 02$aFundamental Aeronautics Program (U.S.), 712 02$aNASA Glenn Research Center, 801 0$bGPO 801 1$bGPO 906 $aBOOK 912 $a9910702453303321 996 $aCFD simulations for the effect of unsteady wakes on the boundary layer of a highly loaded low-pressure turbine airfoil (L1A), final report$93549243 997 $aUNINA